000 00827nam a2200265Ia 4500
001 Para_8599
003 CHAP
008 220125s9999 xx 000 0 und d
010 _a207410
040 _cCHAP
082 _aPA-C 595.752 A6
100 _aGillette, C. P.
_9169050
245 _aThree new aphids from Colorado /
_c by C.P. Gillette and M.A. Palmer
300 _a7 p.
440 _aAphidae; 24
_9174003
500 _aSobretiro de: Annals of the Entomological Society of America 23 (3): 543-551, 1930. Encuadernado con otros impresos similares
650 _a
_x Afididos
_x Colecciones de escritos
_x Lachnus
_9173604
901 _aPA-C 595.752 A6
902 _aA
905 _a000000 0000000000 00
910 _a
942 _cPARA
942 _cPARA
_d1
999 _c207410
_d207410